<?xml version="1.0" encoding="UTF-8"?>
<record
    xmlns:xsi="http://www.w3.org/2001/XMLSchema-instance"
    xsi:schemaLocation="http://www.loc.gov/MARC21/slim http://www.loc.gov/standards/marcxml/schema/MARC21slim.xsd"
    xmlns="http://www.loc.gov/MARC21/slim">

  <leader>03168nam a2200349 i 4500</leader>
  <controlfield tag="001">000000261</controlfield>
  <controlfield tag="003">DO-SdBNP</controlfield>
  <controlfield tag="005">20260218091443.0</controlfield>
  <controlfield tag="007">ta</controlfield>
  <controlfield tag="008">081112s2007    dr            001 0 spa d</controlfield>
  <datafield tag="040" ind1=" " ind2=" ">
    <subfield code="a">DO-SdBNP</subfield>
    <subfield code="b">spa</subfield>
    <subfield code="c">BNPHU</subfield>
    <subfield code="e">rda</subfield>
  </datafield>
  <datafield tag="041" ind1=" " ind2=" ">
    <subfield code="a">spa</subfield>
  </datafield>
  <datafield tag="082" ind1=" " ind2="4">
    <subfield code="a">RD864.5</subfield>
    <subfield code="b">A473g</subfield>
    <subfield code="2">22</subfield>
  </datafield>
  <datafield tag="100" ind1="1" ind2=" ">
    <subfield code="a">&#xC1;lvarez Eve, Franklin,</subfield>
    <subfield code="d">1960-</subfield>
    <subfield code="e">autor</subfield>
    <subfield code="4">aut.</subfield>
    <subfield code="9">850</subfield>
  </datafield>
  <datafield tag="245" ind1="1" ind2="0">
    <subfield code="a">Galer&#xED;a de personajes populares puertoplate&#xF1;os /</subfield>
    <subfield code="c">Franklin &#xC1;lvarez Eve.</subfield>
  </datafield>
  <datafield tag="264" ind1=" " ind2="4">
    <subfield code="a">Santo Domingo, Rep&#xFA;blica Dominicana :</subfield>
    <subfield code="b">Ediciones Renovaci&#xF3;n,</subfield>
    <subfield code="c">&#xA9;2007.</subfield>
  </datafield>
  <datafield tag="300" ind1=" " ind2=" ">
    <subfield code="a">317 p&#xE1;ginas ;</subfield>
    <subfield code="c">22 cm.</subfield>
  </datafield>
  <datafield tag="336" ind1=" " ind2=" ">
    <subfield code="a">texto</subfield>
    <subfield code="b">txt</subfield>
    <subfield code="2">rdacontent</subfield>
  </datafield>
  <datafield tag="337" ind1=" " ind2=" ">
    <subfield code="a">sin mediaci&#xF3;n</subfield>
    <subfield code="b">n</subfield>
    <subfield code="2">rdamedia</subfield>
  </datafield>
  <datafield tag="338" ind1=" " ind2=" ">
    <subfield code="a">volumen</subfield>
    <subfield code="b">nc</subfield>
    <subfield code="2">rdamedia</subfield>
  </datafield>
  <datafield tag="500" ind1=" " ind2=" ">
    <subfield code="a">Incluye datos biogr&#xE1;ficos del autor en la p&#xE1;gina 13</subfield>
  </datafield>
  <datafield tag="500" ind1=" " ind2=" ">
    <subfield code="a">Incluye referencias bibliogr&#xE1;ficas y notas al pie de las p&#xE1;ginas</subfield>
  </datafield>
  <datafield tag="504" ind1=" " ind2=" ">
    <subfield code="a">Bibliograf&#xED;a : p&#xE1;ginas 315-317.</subfield>
  </datafield>
  <datafield tag="505" ind1="0" ind2=" ">
    <subfield code="a">El compromiso de Brugal &amp; Co. para elevar el nivel cultural de los dominicanos --</subfield>
    <subfield code="t">Presentaci&#xF3;n --</subfield>
    <subfield code="t">Veredicto del jurado --</subfield>
    <subfield code="t">Qui&#xE9;n es Franklin &#xC1;lvarez Eve --</subfield>
    <subfield code="t">Introducci&#xF3;n --</subfield>
    <subfield code="t">Tid&#xE1;: la bruja del barrio --</subfield>
    <subfield code="t">Tres l&#xED;neas para hueso --</subfield>
    <subfield code="t">Venturas y desventuras de Tat&#xE1; la bizca --</subfield>
    <subfield code="t">&#xA1;Arriba Pililo! --</subfield>
    <subfield code="t">A don Paquito, en donde est&#xE9; --</subfield>
    <subfield code="t">Alito, o la pasi&#xF3;n por las noticias --</subfield>
    <subfield code="t">Bater&#xED;a: profesor e int&#xE9;rprete de sue&#xF1;os --</subfield>
    <subfield code="t">Brev&#xED;sima biograf&#xED;a de Nano el loco --</subfield>
    <subfield code="t">Crisp&#xED;n L&#xF3;pez --</subfield>
    <subfield code="t">M&#xE1;s sobre Pir&#xED;n L&#xF3;pez --</subfield>
    <subfield code="t">Brulet Portoreal: el gram&#xE1;tico --</subfield>
    <subfield code="t">Cali Gilbert: entre la ebanister&#xED;a y el crucigrama --</subfield>
    <subfield code="t">Chiquiro: un carpintero superticioso (i) --</subfield>
    <subfield code="t">Chiquiro: un carpintero supersticioso (ii) --</subfield>
    <subfield code="t">Danilo Mesa: el arist&#xF3;crata --</subfield>
    <subfield code="t">Los Mathieu --</subfield>
    <subfield code="t">Don Pablo Clase: el evang&#xE9;lico --</subfield>
    <subfield code="t">Fello el pescador --</subfield>
    <subfield code="t">Fello Ojo Clavao --</subfield>
    <subfield code="t">Francisco Papaterra --</subfield>
    <subfield code="t">Hito --</subfield>
    <subfield code="t">Harry Gilbert: genio y figura --</subfield>
    <subfield code="t">Happy birthday, Harry Gilbert --</subfield>
    <subfield code="t">Hugo Gonz&#xE1;lez o la infaliblidad de la miel de abeja --</subfield>
    <subfield code="t">Javier Silva: el invencible --</subfield>
    <subfield code="t">Jos&#xE9; Pericles --</subfield>
    <subfield code="t">La importancia de llamarse Jos&#xE9; Ponce --</subfield>
    <subfield code="t">Juanito el limpiabotas --</subfield>
    <subfield code="t">La carreta y el caballo: una exc&#xE9;ntrica hist&#xF3;ria de amor --</subfield>
    <subfield code="t">La chulam&#xED;a --</subfield>
    <subfield code="t">La coronela --</subfield>
    <subfield code="t">La loca del malec&#xF3;n --</subfield>
    <subfield code="t">la lalofobia o el complejo de pata&#xB4; e palo --</subfield>
    <subfield code="t">Cham&#xF3;n y la tertulia de la esquina del parque --</subfield>
    <subfield code="t">Los buenos tiempos de Jimmy Candela --</subfield>
    <subfield code="t">Negro: vendedor ambulante y hermeneuta --</subfield>
    <subfield code="t">Papito Jim&#xE9;nez: el &#xFA;ltimo de los grandes comparseros --</subfield>
    <subfield code="t">James Bond: del baloncesto a la pintura de brocha gorda --</subfield>
    <subfield code="t">Peligro --</subfield>
    <subfield code="t">Sencillamente Jobito --</subfield>
    <subfield code="t">Pikin: el bromista --</subfield>
    <subfield code="t">Pir&#xED;n el loco --</subfield>
    <subfield code="t">Un d&#xED;a en la vida de Miguel, el platanero --</subfield>
    <subfield code="t">El chulo, o la otra historia de Pantagruel --</subfield>
    <subfield code="t">Dorita y la tertulia de los zapateros --</subfield>
    <subfield code="t">Papito, el del parque --</subfield>
    <subfield code="t">Polo boca&#xB4;e fleco y su chiva --</subfield>
    <subfield code="t">Mimo, el violinista ciego --</subfield>
    <subfield code="t">Pepe el dilecto --</subfield>
  </datafield>
  <datafield tag="505" ind1="0" ind2=" ">
    <subfield code="t">Documento --</subfield>
    <subfield code="t">A modo de conclusi&#xF3;n --</subfield>
    <subfield code="t">Bibliograf&#xED;a.</subfield>
  </datafield>
  <datafield tag="586" ind1=" " ind2=" ">
    <subfield code="a">Premio Nacional de Ensayo "Rufino Mart&#xED;nez", categor&#xED;a adulto, 2006. Concurso Literario "Por nuestro pa&#xED;s primero",</subfield>
  </datafield>
  <datafield tag="590" ind1=" " ind2=" ">
    <subfield code="a">Inventarido, 2020/LP</subfield>
  </datafield>
  <datafield tag="650" ind1=" " ind2="4">
    <subfield code="a">Ensayos dominicanos</subfield>
    <subfield code="9">65</subfield>
  </datafield>
  <datafield tag="650" ind1=" " ind2="4">
    <subfield code="a">Literatura dominicana.</subfield>
    <subfield code="9">67</subfield>
  </datafield>
  <datafield tag="910" ind1=" " ind2=" ">
    <subfield code="a">Validado. Control de calidad MFF</subfield>
  </datafield>
  <datafield tag="942" ind1=" " ind2=" ">
    <subfield code="2">ddc</subfield>
    <subfield code="c">LBS1</subfield>
  </datafield>
  <datafield tag="952" ind1=" " ind2=" ">
    <subfield code="0">0</subfield>
    <subfield code="1">0</subfield>
    <subfield code="2">ddc</subfield>
    <subfield code="5">6</subfield>
    <subfield code="7">0</subfield>
    <subfield code="8">DS</subfield>
    <subfield code="a">BNPHU</subfield>
    <subfield code="b">BNPHU</subfield>
    <subfield code="c">HD</subfield>
    <subfield code="d">2009-07-21</subfield>
    <subfield code="l">0</subfield>
    <subfield code="o">BNPHU DS RD864.5 A473g</subfield>
    <subfield code="p">261-30</subfield>
    <subfield code="r">2020-06-25</subfield>
    <subfield code="t">e.3</subfield>
    <subfield code="w">2020-06-25</subfield>
    <subfield code="y">LBS1</subfield>
    <subfield code="Z">Pr&#xE9;stamo en sala</subfield>
  </datafield>
  <datafield tag="952" ind1=" " ind2=" ">
    <subfield code="0">0</subfield>
    <subfield code="1">0</subfield>
    <subfield code="2">ddc</subfield>
    <subfield code="5">1</subfield>
    <subfield code="7">0</subfield>
    <subfield code="8">PD</subfield>
    <subfield code="a">BNPHU</subfield>
    <subfield code="b">BNPHU</subfield>
    <subfield code="c">HD</subfield>
    <subfield code="d">2009-06-24</subfield>
    <subfield code="e">001268</subfield>
    <subfield code="l">0</subfield>
    <subfield code="o">BNPHU PD RD864.5 A473g</subfield>
    <subfield code="p">261-10</subfield>
    <subfield code="r">2020-06-25</subfield>
    <subfield code="w">2020-06-25</subfield>
    <subfield code="y">LBS1</subfield>
    <subfield code="Z">No se presta</subfield>
  </datafield>
  <datafield tag="952" ind1=" " ind2=" ">
    <subfield code="0">0</subfield>
    <subfield code="1">0</subfield>
    <subfield code="2">ddc</subfield>
    <subfield code="5">1</subfield>
    <subfield code="7">0</subfield>
    <subfield code="8">PD</subfield>
    <subfield code="a">BNPHU</subfield>
    <subfield code="b">BNPHU</subfield>
    <subfield code="c">HD</subfield>
    <subfield code="d">2009-06-24</subfield>
    <subfield code="e">001269</subfield>
    <subfield code="l">0</subfield>
    <subfield code="o">BNPHU PD RD864.5 A473g</subfield>
    <subfield code="p">261-20</subfield>
    <subfield code="r">2020-06-25</subfield>
    <subfield code="t">e.2</subfield>
    <subfield code="w">2020-06-25</subfield>
    <subfield code="y">LBS1</subfield>
    <subfield code="Z">No se presta</subfield>
  </datafield>
  <datafield tag="952" ind1=" " ind2=" ">
    <subfield code="0">0</subfield>
    <subfield code="1">0</subfield>
    <subfield code="2">ddc</subfield>
    <subfield code="5">6</subfield>
    <subfield code="7">0</subfield>
    <subfield code="8">DS</subfield>
    <subfield code="a">BNPHU</subfield>
    <subfield code="b">BNPHU</subfield>
    <subfield code="c">HD</subfield>
    <subfield code="d">2026-01-28</subfield>
    <subfield code="e">Donado por la Presidencia de la Rep&#xFA;blica Dominicana 2023.</subfield>
    <subfield code="l">0</subfield>
    <subfield code="o">BNPHU DS RD864.5 A473g</subfield>
    <subfield code="p">2026-0349</subfield>
    <subfield code="r">2026-01-28</subfield>
    <subfield code="t">e.4</subfield>
    <subfield code="w">2026-01-28</subfield>
    <subfield code="y">LBS1</subfield>
  </datafield>
  <datafield tag="999" ind1=" " ind2=" ">
    <subfield code="c">261</subfield>
    <subfield code="d">261</subfield>
  </datafield>
</record>
